000 01749nam a2200397 i 4500
001 193203
003 ES-MaRBCM
005 20240824203005.0
007 ta
008 231003s2004 sp 00011 spa d
017 _aCC 198-2004
020 _a8495239779
035 _aM-RBMALC 0059714
035 _aCCBIP02473837
040 _aM-RBMALC
_bspa
_cM-RBMALC
_dES-MaACL
080 _a821.134.2-32"19"(082.2)(067)
245 0 0 _aCertamen Literario Internacional "Villa de Montánchez" :
_brelatos /
_cedición al cuidado de Hilario José Gómez
246 0 0 _aRelatos :
_bCertamen Literario Internacional "Villa de Montánchez"
260 _aMontánchez :
_bAyuntamiento, Concejalía de Cultura ;
_aCáceres :
_bInstitución Cultural "El Brocense",
_c[2004]
300 _a158 páginas ;
_c24 cm
336 _aTexto (visual)
_2isbdcontent]
337 _asin mediación
_2isbdmedia]
338 _2rdacarrier
_avolumen
500 _aReúne los relatos ganadores de las cinco primeras ediciones (2000-2004), junto con algún accésit, del Certamen Literario Internacional "Villa de Montánchez"
655 7 _9226829
_aCuentos
700 1 _aJiménez Gómez, Hilario,
_d1974-
_9158180
_epbl
710 1 _9158181
_aMontánchez.
_bAyuntamiento
710 2 _94713
_aInstitución Cultural "El Brocense"
852 _aES-MaACL
_9200583
_bR.154611
_jN-9370
_cDEPOJ
_hDonación: José Lázaro García
_xEncuadernación rústica con solapas
903 _9234219
_aLázaro García, José
_ednr
942 _n0
_cMONOGRAFIA
999 _c193203
_d193203